Militarism, U.S.A./ (Record no. 13092)

MARC details
000 -LEADER
fixed length control field 00897nam a2200241 4500
001 - CONTROL NUMBER
control field 2723628
005 - DATE AND TIME OF LATEST TRANSACTION
control field 19700909000000.0
008 - FIXED-LENGTH DATA ELEMENTS--GENERAL INFORMATION
fixed length control field 700730s1970 nyu | b 001 0 eng d
010 ## - LIBRARY OF CONGRESS CONTROL NUMBER
LC control number 77106537
040 ## - CATALOGING SOURCE
Original cataloging agency DLC
Transcribing agency DLC
Modifying agency DLC
043 ## - GEOGRAPHIC AREA CODE
Geographic area code n-us---
050 00 - LIBRARY OF CONGRESS CALL NUMBER
Classification number UA23
Item number .D63 1970
082 00 - DEWEY DECIMAL CLASSIFICATION NUMBER
Classification number 355.02130973
Item number DON
Edition number 22
100 1# - MAIN ENTRY--PERSONAL NAME
Personal name Donovan, James A.
9 (RLIN) 10194
245 10 - TITLE STATEMENT
Title Militarism, U.S.A./
Statement of responsibility, etc James A. Donovan With a foreword by David M. Shoup.
260 ## - PUBLICATION, DISTRIBUTION, ETC. (IMPRINT)
Place of publication, distribution, etc New York:
Name of publisher, distributor, etc Scribner,
Date of publication, distribution, etc 1970
300 ## - PHYSICAL DESCRIPTION
Extent xxi, 265 p.;
Dimensions 21 cm.
500 ## - GENERAL NOTE
General note Donated by: Alaa Abdel Ghany
504 ## - BIBLIOGRAPHY, ETC. NOTE
Bibliography, etc Includes bibliography: p. 243-249 and index
650 #0 - SUBJECT ADDED ENTRY--TOPICAL TERM
Topical term or geographic name as entry element Militarism
Geographic subdivision United States.
9 (RLIN) 10195
942 ## - ADDED ENTRY ELEMENTS (KOHA)
Source of classification or shelving scheme Dewey Decimal Classification
Item type Book - Borrowing
Holdings
Withdrawn status Item status Source of classification or shelving scheme Damaged status Not for loan Vendor Home library Current library Shelving location Date acquired Source of acquisition Total Checkouts Full call number Barcode Date last seen Koha item type Public note
    Dewey Decimal Classification       Central Library Central Library First floor 04/01/2010 Donation   355.02130973 DON 000019381 15/07/2025 Book - Borrowing donated by Alaa AbdelGhaney